| 000 | 02345ncm0a2200433 4500 | ||
|---|---|---|---|
| 001 | RU\NLR\ONIZ\213387 | ||
| 005 | 20250624205244.0 | ||
| 035 | _a(NLR Aleph) 010986159 | ||
| 071 | 2 | 0 | _aС 1088 К |
| 090 |
_a10903103 _c10903103 |
||
| 100 | _a20151228d1970 |||y0rusy50 ca | ||
| 101 | 0 |
_aeng _arus |
|
| 102 | _aRU | ||
| 125 | _aax | ||
| 128 | _asi | ||
| 135 | _acrmn mmmanaba | ||
| 145 | 0 | _ab | |
| 200 | 1 |
_aСимфония _bНоты _eдля струн. орк. _dSymphony _efor string orchestra _fЛ.Книппер _zeng |
|
| 208 |
_aПартитура _dScore |
||
| 210 |
_aМосква _cСоветский композитор _d1970 |
||
| 215 |
_a88 с. _d22 см |
||
| 313 | _aСистематизация документа проведена по изданию - Методика классифицирования музыкальных произведений (нотных изданий) по таблицам Библиотечно-библиографических классификаций : метод. рекомендации / Гос. б-ка СССР им. В.И. Ленина.- М., 1977. Индексу ББК методических рекомендаций присваивается код ББК для научных библиотек - LBC/SL | ||
| 325 | 1 | _aКопия доступна в электронной библиотеке РНБ | |
| 606 | 1 |
_aСимфонии для струнного оркестра _jНоты _2nlr_sh |
|
| 606 | 1 |
_aМузыка для струнного оркестра _xПартитуры _yРоссия _z20-21 вв. _2nlr_sh |
|
| 608 |
_aСимфония _xНоты _yСССР _z20 в. _2nlr_sh |
||
| 686 |
_aЩ951.5-040(2Р)П _vLBC/SL _2rubbk |
||
| 700 | 1 |
_9z01790 _aКниппер _bЛ. К. _f1898-1974 _gЛев Константинович _4230 |
|
| 790 | 1 |
_9z01700 _aKnipper _bL. K. _f1898-1974 _gLev Konstantinovič _4230 _7ba |
|
| 801 | 0 |
_aRU _bNLR _c20151228 _gPSBO |
|
| 801 | 1 |
_aRU _bNLR _c20151228 _2rusmarc |
|
| 801 | 2 |
_aRU _bNLR _c20190630 |
|
| 852 |
_aNLR _bМ _j2/1007 _pМОЭ 7509 _t1 |
||
| 901 | _eНотные издания | ||
| 942 | _cSCORE | ||
| 980 | _aNB | ||
| 980 | _aONIZ | ||
| 981 | 2 | 4 | _a(24) Нотные издания и аудиозаписи |